[Event "Leiden SB-ch"]
[Site "Leiden"]
[Date "2011.06.15"]
[Round "5"]
[White "Landsheer, Jos"]
[Black "Zeevaarder, Michael"]
[Result "1-0"]
[WhiteElo "1670"]
[BlackElo "1811"]
[PlyCount "63"]
[EventDate "2011.05.17"]
[EventType "swiss"]
[EventRounds "7"]
[EventCountry "NED"]
[SourceTitle "EXT 2012"]
[Source "ChessBase"]
[SourceDate "2011.11.24"]
[SourceVersion "1"]
[SourceVersionDate "2011.11.24"]
[SourceQuality "1"]

1. e4 e6 2. d4 d5 3. Nc3 Bb4 4. e5 c5 5. Qg4 Ne7 6. dxc5 Bxc3+ 7. bxc3 Qc7 8. Nf3 Qxc5 9. Qd4 Qc7 10. Ba3 Nbc6 11. Qc5 0-0 12. Bd3 f6 13. Bb5 Bd7 14. 0-0 fxe5 15. Qe3 e4 16. Bxc6 Bxc6 17. Nd4 Rf6 18. f3 exf3 19. Rxf3 e5 20. Rxf6 gxf6 21. Qg3+ Kf7 22. Rf1 Qc8 23. Rxf6+ Kxf6 24. Qh4+ Kg6 25. Bxe7 Kf7 26. Qf6+ Ke8 27. Nf5 Kd7 28. Qd6+ Ke8 29. Ng7+ Kf7 30. Qf6+ Kg8 31. Nf5 Qd7 32. Qg7# 1-0

[Event "Leiden SB-ch"]
[Site "Leiden"]
[Date "2011.06.01"]
[Round "3"]
[White "Kuiper, Machiel"]
[Black "Landsheer, Jos"]
[Result "1/2-1/2"]
[WhiteElo "1263"]
[BlackElo "1670"]
[PlyCount "61"]
[EventDate "2011.05.17"]
[EventType "swiss"]
[EventRounds "7"]
[EventCountry "NED"]
[SourceTitle "EXT 2012"]
[Source "ChessBase"]
[SourceDate "2011.11.24"]
[SourceVersion "1"]
[SourceVersionDate "2011.11.24"]
[SourceQuality "1"]

1. d4 Nf6 2. c4 g6 3. Nc3 Bg7 4. e4 d6 5. Nf3 0-0 6. Be2 c5 7. 0-0 cxd4 8. Nxd4 Nc6 9. Be3 a6 10. Rc1 Bd7 11. f3 Ne8 12. Nb3 Nc7 13. c5 Be6 14. cxd6 exd6 15. Bb6 Qe7 16. a3 Bxb3 17. Qxb3 Bd4+ 18. Kh1 Bxb6 19. Qxb6 Ne6 20. Nd5 Qd8 21. Qe3 Ned4 22. Rc3 Nxe2 23. Qxe2 f5 24. Nf4 Qe7 25. Re3 fxe4 26. Rxe4 Qf7 27. Ne6 Rfe8 28. Ng5 Rxe4 29. fxe4 Qb3 30. Qg4 Qc4 31. Qf3 1/2-1/2

[Event "Leiden SB-ch"]
[Site "Leiden"]
[Date "2011.05.17"]
[Round "1"]
[White "Van Briemen, Willem Jan"]
[Black "Landsheer, Jos"]
[Result "1-0"]
[WhiteElo "2006"]
[BlackElo "1670"]
[PlyCount "69"]
[EventDate "2011.05.17"]
[EventType "swiss"]
[EventRounds "7"]
[EventCountry "NED"]
[SourceTitle "EXT 2012"]
[Source "ChessBase"]
[SourceDate "2011.11.24"]
[SourceVersion "1"]
[SourceVersionDate "2011.11.24"]
[SourceQuality "1"]

1. d4 Nf6 2. c4 e6 3. Nf3 b6 4. a3 Bb7 5. Nc3 Be7 6. d5 exd5 7. cxd5 d6 8. g3 c6 9. e4 0-0 10. dxc6 Nxc6 11. Bg2 Ne5 12. Qe2 Qc8 13. Nd4 Qc4 14. Qxc4 Nxc4 15. 0-0 Nd7 16. Rd1 Rfe8 17. Ncb5 Rec8 18. Nf5 Kf8 19. Nxe7 Kxe7 20. b3 a6 21. bxc4 axb5 22. cxb5 Rc5 23. e5 d5 24. a4 Rc4 25. Bxd5 Bxd5 26. Rxd5 Rcxa4 27. Bg5+ f6 28. exf6+ Nxf6 29. Re1+ Kf7 30. Bxf6 gxf6 31. Rd6 Rb8 32. Ree6 Rd8 33. Rxf6+ Ke7 34. Rxd8 Kxf6 35. Rd6+ 1-0

[Event "Leiden SB-ch"]
[Site "Leiden"]
[Date "2007.06.19"]
[Round "6"]
[White "Landsheer, Jos"]
[Black "Vreugdenhil, Frans"]
[Result "1/2-1/2"]
[WhiteElo "1699"]
[BlackElo "1944"]
[PlyCount "36"]
[EventDate "2007.05.15"]
[EventType "swiss"]
[EventRounds "7"]
[EventCountry "NED"]
[SourceTitle "EXT 2012"]
[Source "ChessBase"]
[SourceDate "2011.11.24"]
[SourceVersion "1"]
[SourceVersionDate "2011.11.24"]
[SourceQuality "1"]

1. e4 e5 2. Nf3 Nc6 3. d4 exd4 4. c3 dxc3 5. Bc4 d6 6. Qb3 Qd7 7. Ng5 Ne5 8. Nxc3 h6 9. Nf3 Nxc4 10. Qxc4 Nf6 11. 0-0 Be7 12. e5 dxe5 13. Rd1 Qc6 14. Qxc6+ bxc6 15. Nxe5 Bb7 16. Be3 0-0 17. Na4 Rfe8 18. Rac1 Bd6 1/2-1/2

[Event "Leiden SB-ch"]
[Site "Leiden"]
[Date "2006.06.27"]
[Round "7"]
[White "Landsheer, Jos"]
[Black "Oosterom, Erik"]
[Result "0-1"]
[WhiteElo "1691"]
[BlackElo "2111"]
[PlyCount "72"]
[EventDate "2006.05.16"]
[EventType "swiss"]
[EventRounds "7"]
[EventCountry "NED"]
[SourceTitle "EXT 2012"]
[Source "ChessBase"]
[SourceDate "2011.11.24"]
[SourceVersion "1"]
[SourceVersionDate "2011.11.24"]
[SourceQuality "1"]

1. e4 c5 2. d4 cxd4 3. c3 Nf6 4. e5 Nd5 5. Bc4 Nb6 6. Bb3 Nc6 7. Nf3 d6 8. cxd4 dxe5 9. Nxe5 Nxe5 10. dxe5 Qxd1+ 11. Kxd1 Bd7 12. Nc3 Bc6 13. f3 e6 14. Be3 Nd7 15. Bd4 Bc5 16. Bxc5 Nxc5 17. Kc2 Ke7 18. Bc4 Rac8 19. Rad1 Nd7 20. Rhe1 b5 21. Bb3 b4 22. Ne2 Bxf3+ 23. Kb1 Bxg2 24. Nf4 Bb7 25. h4 Nc5 26. Bc2 g6 27. Nh3 Rhd8 28. Ng5 h6 29. Nh3 Rxd1+ 30. Rxd1 Nd7 31. Re1 Rc5 32. Nf4 Rxe5 33. Rc1 Be4 34. Nd3 Bxd3 35. Bxd3 Nc5 36. Bc2 f5 0-1

[Event "Leiden SB-ch"]
[Site "Leiden"]
[Date "2002.06.18"]
[Round "5"]
[White "Landsheer, Jos"]
[Black "Van de Peut, Aart A"]
[Result "0-1"]
[WhiteElo "1685"]
[BlackElo "1879"]
[PlyCount "36"]
[EventDate "2002.05.21"]
[EventType "swiss"]
[EventRounds "7"]
[EventCountry "NED"]
[SourceTitle "EXT 2003"]
[Source "ChessBase"]
[SourceDate "2002.11.25"]
[SourceVersion "1"]
[SourceVersionDate "2002.11.25"]
[SourceQuality "1"]

1. e4 e6 2. d4 d5 3. e5 c5 4. c3 Nc6 5. Nf3 Qb6 6. Be2 cxd4 7. cxd4 Nh6 8. Na3 Bb4+ 9. Bd2 Nf5 10. Bb5 Bxa3 11. Bxc6+ bxc6 12. bxa3 Nxd4 13. Ng5 h6 14. Be3 hxg5 15. Bxd4 Qa5+ 16. Qd2 Qxd2+ 17. Kxd2 Rh4 18. Kc3 c5 0-1